Shakkyō kaei zenshū. Dai 3-kan /
Saved in:
| Other Authors: | |
|---|---|
| Format: | Book |
| Language: | Japanese |
| Published: |
Tōkyō :
Kawade Shobō,
Shōwa 9 [1934]
|
| Subjects: | |
| Tags: |
Add Tag
No Tags, Be the first to tag this record!
|
| LEADER | 02290nam a2200313ui 4500 | ||
|---|---|---|---|
| 001 | 007796829-8 | ||
| 005 | 20024617121422.0 | ||
| 008 | 920325s1934 ja 000 0 jpn d | ||
| 035 | 0 | |a ocm33738987 | |
| 040 | |a *LWU* |b jpn |c *LWU* |d OCoLC |d *YNH* |d CStRLIN | ||
| 245 | 0 | 0 | |6 880-01 |a Shakkyō kaei zenshū. |n Dai 3-kan / |c Sasaki Nobutsuna ... [et al.] hen. |
| 246 | 3 | |a Shakukyō kaei zenshū | |
| 260 | |6 880-02 |a Tōkyō : |b Kawade Shobō, |c Shōwa 9 [1934] | ||
| 300 | |a 447 p. ; |c 23 cm. | ||
| 500 | |6 880-03 |a Hibaihin. | ||
| 505 | 0 | |6 880-04 |a Bukkoku Zenji wakashū -- Niso gyoeishū -- Hōryūji gyobutsu waka -- Shōkaku Kokushi wakashū -- Seigan Oshō shakkyō wakashū -- Rennyo Shōnin wakashū -- Zoku monʾyō wakashū -- Shakkyō sanjūrokukasen -- Ei Hokekyō -- Yuishikiron waka -- Keishi waka -- Hōshakukyō yōhon tanzaku waka -- Suikyō chū Menashigusa -- Ei Hokekyō waka -- Asukai Sōga shichikaiki hon waka -- Harima no Kami Mitsumasa no Haha enki hon kyō waka -- Hosokawa Mitsumoto Ason jūsankaiki hon kyō waka -- Hosokawa Mitsumoto Ason sanjūsankaiki hon kyō waka -- Ryūzan ei -- Konoe Nobutada nijūhachi hon waka -- Asukai Masayo isshūki hon kyō waka. | |
| 653 | |6 880-05 |a Waka |a Kashū. | ||
| 653 | |6 880-06 |a Bukkyōbungaku. | ||
| 700 | 1 | |6 880-07 |a Sasaki, Nobutsuna, |d 1872-1963. | |
| 880 | 0 | 0 | |6 245-01 |a 釋教歌詠全集. |n 第3卷 / |c 佐佐木信綱 ... [et al.]編. |
| 880 | |6 260-02 |a 東京 : |b 河出書房, |c 昭和9 [1934] | ||
| 880 | |6 500-03 |a 非賣品. | ||
| 880 | 0 | |6 505-04 |a 佛國禪師和歌集 -- 二祖御詠集 -- 法隆寺寶物和歌 -- 正覺國師和歌集 -- 清巖和尚釋教和歌集 -- 蓮如上人和歌集 -- 續門葉和歌集 -- 釋教三十六歌仙 -- 詠法華經 -- 唯識論和歌 -- 經旨和歌 -- 寶積經要品短册和歌 -- 水鏡註目無草 -- 詠法華經和歌 -- 飛鳥井宋雅七回忌品和歌 -- 播磨守滿政母遠忌品經和歌 -- 細川滿元朝臣十三回忌品經和歌 -- 細川滿元朝臣三十三回忌品經和歌 -- 龍山詠 -- 近衛信尹二十八品和歌 -- 飛鳥井雅世一週忌品經和歌. | |
| 880 | |6 653-05 |a 和歌 |a 歌集. | ||
| 880 | |6 653-06 |a 仏敎文学. | ||
| 880 | 1 | |6 700-07 |a 佐佐木信綱, |d 1872-1963. | |
| 886 | 2 | |2 jpnmarc |a 677 |b 911.108 | |
| 988 | |a 20021220 | ||
| 906 | |0 OCLC | ||


